Načítá se...

Ambani & Sons: Making of the worlds richest brothers and their feud

Podrobná bibliografie
Hlavní autor: Hamish Mcdonald
Médium: Printed Book
Jazyk:Undetermined
Vydáno: Australia 2010
Lotus Collection Roli books
Témata:
LEADER 00731nam a2200241Ia 4500
008 141122s9999 xx 000 0 und d
020 |a 9788174368140 
040 |c . 
041 |a English 
082 |a 920 
082 |b MCD/AM 
100 |a Hamish Mcdonald 
245 |a Ambani & Sons: Making of the worlds richest brothers and their feud 
245 |c Hamish Mcdonald 
260 |b Australia 
260 |b Lotus Collection Roli books 
260 |c 2010 
300 |a 396 Pages 
365 |a 395/-  
650 |a Nutrition 
942 |c BK 
999 |c 4846  |d 4846 
952 |0 0  |1 0  |4 0  |6 920_000000000000000_MCDAM  |7 0  |9 4805  |a COVAS  |b COVAS  |d 0000-00-00  |g 395.00  |l 7  |m 3  |o 920 MCD/AM  |p 20633  |r 2018-07-31  |s 2018-07-23  |w 2014-11-26  |y BK